| 000 | 01026nam a2200205 a 4500 | ||
|---|---|---|---|
| 001 | 000664011 | ||
| 003 | AM-YeHGA | ||
| 005 | 20250617141707.0 | ||
| 008 | 090604s1964 ||| r 000 0 rus d | ||
| 040 | _aAM-YeHGA | ||
| 041 | 0 | _arus | |
| 245 | 0 | 0 |
_aАмерика : _b(Краткий путеводитель по экспозиции) / _cАН СССР. Ин-т этнографии им. Н.Н. Миклухо-Маклая Музей антропологии и этнографии им. П. Великого; Сост. Э.В. Зиберт и др. |
| 260 |
_aМосква _aЛенинград : _bНаука, _c1964. |
||
| 300 |
_a34 с. : _bил. |
||
| 653 | 0 | _aАмерика - Путеводители по экспозиции | |
| 700 | 1 |
_aЗиберт, Э.В. _eсост. _4com |
|
| 710 | 2 | _aИнститут этнографии им. Н.Н. Миклухо-Маклая АН СССР | |
| 710 | 2 | _aМузей антропологии и этнографии им. Петра Великого | |
| 090 | _c245057 | ||
| 999 |
_c243473 _d243473 |
||